Atti della Reale Accademia di Scienze Morali e Politiche di Napoli. (Record no. 151620)

MARC details
000 -LEADER
campo de control de longitud fija 01038nam a22002415i 4500
001 - NÚMERO DE CONTROL
campo de control 151620
003 - IDENTIFICADOR DE NÚMERO DE CONTROL
campo de control ES-MaACL
005 - FECHA Y HORA DE LA ÚLTIMA TRANSACCIÓN
campo de control 20250728043245.0
008 - DATOS DE LONGITUD FIJA--INFORMACIÓN GENERAL
campo de control de longitud fija 041014s1870 it |||| | ita d
040 ## - FUENTE DE CATALOGACIÓN
Centro catalogador/agencia de origen CAM
Lengua de catalogación spa
Centro/agencia transcriptor CAM
245 00 - MENCIÓN DEL TÍTULO
Título Atti della Reale Accademia di Scienze Morali e Politiche di Napoli.
260 ## - PUBLICACIÓN, DISTRIBUCIÓN, ETC.
Lugar de publicación, distribución, etc. Napoli :
Nombre del editor, distribuidor, etc. [Società Reale di Napoli],
Fecha de publicación, distribución, etc. 1870 (
Fabricante Stamperia della R. Universitá)
300 ## - DESCRIPCIÓN FÍSICA
Extensión v. ;
Dimensiones 30 cm.
500 ## - NOTA GENERAL
Nota general Saggio premiato della R. Accademia di Scienze Morali e Politiche di Napoli nel concorso dell'anno 1866.
505 8# - NOTA DE CONTENIDO CON FORMATO
Nota de contenido con formato T. V. Teoria della elezione politica : saggio / di Guido Padelletti (308 p.)
596 ## - NOTA AL PIE DE IMPRENTA
NOTA AL PIE DE IMPRENTA El editor tomado de antep.
650 04 - PUNTO DE ACCESO ADICIONAL DE MATERIA--TÉRMINO DE MATERIA
Término de materia o nombre geográfico como elemento de entrada Elecciones.
9 (RLIN) 12139
650 #7 - PUNTO DE ACCESO ADICIONAL DE MATERIA--TÉRMINO DE MATERIA
Término de materia o nombre geográfico como elemento de entrada Democracia
Fuente del encabezamiento o término embne
9 (RLIN) 11574
700 11 - ENTRADA AGREGADA--NOMBRE PERSONAL
Nombre de persona Padelletti, Guido.
Título de la obra Teoria della elezione politica.
9 (RLIN) 130765
710 21 - ENTRADA AGREGADA--NOMBRE DE ENTIDAD CORPORATIVA
Nombre de entidad corporativa o nombre de jurisdicción como elemento de entrada Reale Accademia di Scienze Morali e Politiche di Napoli.
9 (RLIN) 134799
852 ## - LOCALIZACIÓN
Ubicación ES-MaACL
Número de control de estantería G-11631
Nota libre -- Enc. hol., conservando la cub. original
condición física -- Sólo T. V
Holdings
Estatus retirado Estado de pérdida Estado de daño No para préstamo Colección Biblioteca de origen Biblioteca actual Ubicación en estantería Fecha de adquisición Fuente de adquisición Total de préstamos Signatura topográfica completa Código de barras Visto por última vez Precio de reemplazo Tipo de ítem Koha
        Libros del s. XIX Biblioteca del Ateneo de Madrid Biblioteca del Ateneo de Madrid Sala Pecera Planta 3 17/01/2008     G-11631 1158229 23/02/2023 23/02/2023 Libro impreso antiguo